[Event "Quebec op"]
[Site "Laval CAN"]
[Date "2022.09.06"]
[Round "9.3"]
[White "Vera, Reynaldo"]
[Black "Li, William"]
[Result "0-1"]
[WhiteElo "2402"]
[BlackElo "2106"]
[PlyCount "74"]
[EventDate "2022.09.01"]
[EventType "swiss"]
[EventRounds "9"]
[EventCountry "CAN"]

1. d4 Nf6 2. c4 b6 3. Nc3 Bb7 4. Qc2 d5 5. cxd5 Nxd5 6. e4 Nxc3 7. bxc3 e6 8.
Nf3 Be7 9. Bb5+ c6 10. Bd3 O-O 11. e5 h6 12. Bh7+ Kh8 13. Be4 Qd7 14. h4 c5 15.
Bxh6 gxh6 16. Bxb7 Qxb7 17. Ng5 f5 18. Nxe6 Rf7 19. O-O-O cxd4 20. cxd4 Nc6 21.
Kb1 Nb4 22. Qe2 Nd5 23. Rc1 Ba3 24. Rc2 Qe7 25. Rh3 Bb4 26. Rc6 Qd7 27. Qc4 Re8
28. Ng5 hxg5 29. hxg5+ Rh7 30. Rch6 Rxh6 31. Rxh6+ Kg7 32. Qb3 Qb5 33. Rh1 Rc8
34. a4 Qe2 35. g6 Rc3 36. Qd1 Rc1+ 37. Qxc1 Nc3+ 0-1

[Event "Quebec op"]
[Site "Laval CAN"]
[Date "2022.09.06"]
[Round "9.4"]
[White "Perez Rodriguez, Luis Manuel"]
[Black "Jacquet, Stephane"]
[Result "1-0"]
[WhiteElo "2335"]
[BlackElo "1862"]
[PlyCount "41"]
[EventDate "2022.09.01"]
[EventType "swiss"]
[EventRounds "9"]
[EventCountry "CAN"]

1. e4 d6 2. d4 g6 3. Nc3 Bg7 4. Be3 a6 5. f4 b5 6. Nf3 Bb7 7. Bd3 Nf6 8. e5 Ng4
9. Qe2 c5 10. dxc5 dxe5 11. Nxe5 Nxe5 12. fxe5 Bxe5 13. O-O-O Qc7 14. Rhe1 Nd7
15. Bd4 f6 16. Be4 O-O-O 17. Qf3 Bxd4 18. Bxb7+ Qxb7 19. c6 Qa7 20. Rxe7 Rhe8
21. cxd7+ 1-0

[Event "Quebec op"]
[Site "Laval CAN"]
[Date "2022.09.06"]
[Round "9.5"]
[White "Zheng, Richard"]
[Black "Saha, Ananda"]
[Result "1-0"]
[WhiteElo "2147"]
[BlackElo "2025"]
[PlyCount "123"]
[EventDate "2022.09.01"]
[EventType "swiss"]
[EventRounds "9"]
[EventCountry "CAN"]

1. d4 e6 2. c4 Bb4+ 3. Nc3 c5 4. Nf3 cxd4 5. Qxd4 Nf6 6. a3 Nc6 7. Qd3 Bxc3+ 8.
Qxc3 d5 9. cxd5 Qxd5 10. Bg5 e5 11. Rd1 Qe6 12. b4 a6 13. Qc5 Nd7 14. Qc2 h6
15. Bc1 O-O 16. e3 Nf6 17. Bc4 Qg4 18. O-O Bf5 19. Qe2 Be4 20. Ne1 Qxe2 21.
Bxe2 Rfd8 22. Nd3 Bxd3 23. Bxd3 e4 24. Bb1 Re8 25. Bb2 Re7 26. Rd2 Rae8 27. Rc1
Nd7 28. Bxe4 Rxe4 29. Rxd7 R4e7 30. Rd5 Rd8 31. Rxd8+ Nxd8 32. Kf1 Nc6 33. Ke2
Rd7 34. Rc5 f6 35. h4 Kf7 36. g4 Ke6 37. f4 Rd5 38. Rxd5 Kxd5 39. Kd3 b5 40.
Bd4 Ke6 41. Ke4 g6 42. f5+ gxf5+ 43. gxf5+ Kf7 44. h5 Ne7 45. Bc5 Nc6 46. Bd6
Ke8 47. Kd5 Kd7 48. Kc5 Nd8 49. Bf4 Nf7 50. Kb6 Ng5 51. Kxa6 Kc6 52. Ka5 Ne4
53. a4 bxa4 54. b5+ Kc5 55. Kxa4 Nc3+ 56. Ka5 Nxb5 57. Bxh6 Na7 58. Bg7 Nc6+
59. Ka4 Ne5 60. h6 Nf7 61. h7 Kd5 62. Bxf6 1-0

[Event "Quebec op"]
[Site "Laval CAN"]
[Date "2022.09.06"]
[Round "9.6"]
[White "Latorre, Vincent"]
[Black "Latreille, Etienne"]
[Result "0-1"]
[WhiteElo "1949"]
[BlackElo "1680"]
[PlyCount "88"]
[EventDate "2022.09.01"]
[EventType "swiss"]
[EventRounds "9"]
[EventCountry "CAN"]

1. e4 c5 2. Nf3 Nc6 3. Nc3 g6 4. Bb5 Bg7 5. O-O d6 6. d3 Bd7 7. a4 Nf6 8. h3
O-O 9. Be3 a6 10. Bxc6 Bxc6 11. a5 b5 12. axb6 Qxb6 13. Ra2 Qb7 14. Re1 a5 15.
Nd2 Nd7 16. Nc4 a4 17. Qd2 Rfe8 18. Bf4 Nb6 19. Nxb6 Qxb6 20. e5 dxe5 21. Bxe5
f6 22. Bg3 Qb4 23. Ne4 f5 24. Qxb4 cxb4 25. Nc5 Ra5 26. Ne6 Bf6 27. Nc7 Rc8 28.
Re6 Rc5 29. b3 Kf7 30. Re2 a3 31. Ne6 Rb5 32. f3 Bd7 33. Nc7 Ra5 34. d4 Bxd4+
35. Kh1 e5 36. Rd2 f4 37. Bxf4 Rxc7 38. Rxd4 exf4 39. Rxf4+ Kg7 40. Rxb4 Bf5
41. Ra4 Rxa4 42. bxa4 Rc3 43. a5 Be6 44. Ra1 a2 0-1

[Event "Quebec op"]
[Site "Laval CAN"]
[Date "2022.09.06"]
[Round "9.7"]
[White "Bluvshtein, Ilia"]
[Black "Malek, Omid"]
[Result "0-1"]
[WhiteElo "1909"]
[BlackElo "2033"]
[PlyCount "46"]
[EventDate "2022.09.01"]
[EventType "swiss"]
[EventRounds "9"]
[EventCountry "CAN"]

1. e4 c5 2. Nf3 d6 3. d4 cxd4 4. Nxd4 Nf6 5. Nc3 a6 6. Bg5 e6 7. f4 Be7 8. Qf3
Qc7 9. O-O-O Nbd7 10. g4 b5 11. Bxf6 Nxf6 12. g5 Nd7 13. f5 O-O 14. f6 gxf6 15.
gxf6 Nxf6 16. e5 dxe5 17. Rg1+ Kh8 18. Qxa8 exd4 19. Ne4 Bb7 20. Qxf8+ Bxf8 21.
Nxf6 Qf4+ 22. Kb1 Qxf6 23. Bd3 Qh4 0-1

[Event "Quebec op"]
[Site "Laval CAN"]
[Date "2022.09.06"]
[Round "9.8"]
[White "Robichaud, Louis"]
[Black "Rodriguez, Aaron"]
[Result "0-1"]
[WhiteElo "2026"]
[BlackElo "1894"]
[PlyCount "102"]
[EventDate "2022.09.01"]
[EventType "swiss"]
[EventRounds "9"]
[EventCountry "CAN"]

1. e4 g6 2. f4 Bg7 3. d3 d6 4. Nf3 Nf6 5. Be2 O-O 6. Nc3 e5 7. fxe5 dxe5 8. Bg5
h6 9. Bh4 Nc6 10. Qd2 Be6 11. O-O-O Kh7 12. h3 b5 13. Rdf1 b4 14. Nd1 Qd6 15.
g4 Nd7 16. g5 h5 17. Ne3 Nd4 18. Nxd4 exd4 19. Nd5 Bxd5 20. exd5 Qxd5 21. Kb1
Rab8 22. Bf3 Qd6 23. Qg2 Rb5 24. Bc6 Ra5 25. Bg3 Qe6 26. Bxc7 Rc5 27. Ba4 Rxc7
28. Bb3 Qe7 29. Re1 Ne5 30. Rhf1 Qc5 31. Rf4 Rfc8 32. Ref1 Nxd3 33. Rxf7 Rxf7
34. Rxf7 Qe5 35. Qf1 Qe1+ 36. Qxe1 Nxe1 37. Rxa7 Nf3 38. a4 bxa3 39. bxa3 Nd2+
40. Ka2 Nxb3 41. cxb3 Rc2+ 42. Kb1 d3 43. b4 Rc3 44. Ka2 d2 45. Rd7 Rc2+ 46.
Kb3 Rb2+ 47. Kc4 Kg8 48. a4 Be5 49. a5 Bf4 50. a6 Ra2 51. b5 Ra1 0-1

[Event "Quebec op"]
[Site "Laval CAN"]
[Date "2022.09.06"]
[Round "9.9"]
[White "Adam, Rafael"]
[Black "Chipanga, Takaedza"]
[Result "1-0"]
[WhiteElo "1864"]
[BlackElo "2012"]
[PlyCount "45"]
[EventDate "2022.09.01"]
[EventType "swiss"]
[EventRounds "9"]
[EventCountry "CAN"]

1. d4 d5 2. c4 dxc4 3. e3 e5 4. Bxc4 exd4 5. exd4 Bd6 6. Nf3 Nf6 7. O-O O-O 8.
Nc3 Bg4 9. Be2 Nc6 10. Be3 Re8 11. Rc1 h6 12. Qb3 Bb4 13. d5 Bxc3 14. dxc6 Ba5
15. cxb7 Rb8 16. Bc4 Bxf3 17. gxf3 Re5 18. Rfd1 Qe7 19. Bxa7 Nh5 20. Bxf7+ Kh8
21. Bxh5 Rxh5 22. Bxb8 Qg5+ 23. Kh1 1-0

[Event "Quebec op"]
[Site "Laval CAN"]
[Date "2022.09.06"]
[Round "9.10"]
[White "Zhang, Brian"]
[Black "Wiebe, Isaac"]
[Result "0-1"]
[WhiteElo "1526"]
[BlackElo "2010"]
[PlyCount "56"]
[EventDate "2022.09.01"]
[EventType "swiss"]
[EventRounds "9"]
[EventCountry "CAN"]

1. e4 e5 2. Nf3 Nc6 3. Bb5 a6 4. Ba4 Nf6 5. O-O b5 6. Bb3 Bc5 7. Re1 d6 8. c3
O-O 9. a4 Rb8 10. d4 Bb6 11. Na3 Bg4 12. axb5 axb5 13. Nxb5 exd4 14. Nbxd4 Nxd4
15. cxd4 Bxf3 16. gxf3 Nh5 17. Be3 Qf6 18. Bc4 c5 19. dxc5 Bxc5 20. b3 Nf4 21.
Kh1 Nh3 22. Qe2 Qh4 23. Rf1 Kh8 24. Ra5 f5 25. Bxc5 dxc5 26. e5 Rbd8 27. e6 Nf4
28. Qe1 Qh3 0-1

[Event "Quebec op"]
[Site "Laval CAN"]
[Date "2022.09.06"]
[Round "9.11"]
[White "Ang, Alan"]
[Black "Batorshyn, Ilia"]
[Result "1-0"]
[WhiteElo "1921"]
[BlackElo "1909"]
[PlyCount "97"]
[EventDate "2022.09.01"]
[EventType "swiss"]
[EventRounds "9"]
[EventCountry "CAN"]

1. b3 d5 2. Bb2 Bg4 3. f3 Bh5 4. e3 e6 5. Ne2 Nf6 6. d4 Bd6 7. Nbc3 Bg6 8. Qd2
c6 9. h4 h5 10. O-O-O Qe7 11. Nf4 Bh7 12. Bd3 Bxd3 13. Nxd3 Ba3 14. e4 a5 15.
exd5 Nxd5 16. Nxd5 cxd5 17. Qg5 Qxg5+ 18. hxg5 Be7 19. f4 a4 20. Rh3 f6 21.
gxf6 Bxf6 22. Re1 axb3 23. axb3 Kf7 24. Rhe3 Nc6 25. Rxe6 Nxd4 26. Rxf6+ gxf6
27. Bxd4 Rhg8 28. Rh1 Rxg2 29. Rxh5 Rc8 30. Nb4 Rg4 31. Rf5 Rg6 32. Rxd5 Rc7
33. Kb2 Rh6 34. Rd6 Ke7 35. Rb6 Rd7 36. c3 Rh2+ 37. Ka3 f5 38. Nd3 Re2 39. Ne5
Rc7 40. Rh6 Rc8 41. Kb4 Re4 42. Kb5 Rg8 43. b4 Kd8 44. Rh7 Kc8 45. Kb6 Re8 46.
Rc7+ Kb8 47. Rxb7+ Ka8 48. Ra7+ Kb8 49. Nc6+ 1-0

[Event "Quebec op"]
[Site "Laval CAN"]
[Date "2022.09.06"]
[Round "9.12"]
[White "Chapdelaine, Gwyn"]
[Black "Wolchock, Theo"]
[Result "0-1"]
[WhiteElo "1873"]
[BlackElo "2105"]
[PlyCount "82"]
[EventDate "2022.09.01"]
[EventType "swiss"]
[EventRounds "9"]
[EventCountry "CAN"]

1. e4 c5 2. Nc3 e6 3. g3 d5 4. exd5 exd5 5. d4 Be6 6. Bg2 cxd4 7. Qxd4 Nc6 8.
Qa4 Bb4 9. Nge2 Qa5 10. Qxa5 Bxa5 11. O-O O-O-O 12. Rd1 Nge7 13. Nb5 Bg4 14. f3
Bb6+ 15. Kh1 Be6 16. c3 Nf5 17. Nbd4 Ncxd4 18. Nxd4 Nxd4 19. cxd4 Rhe8 20. Bf4
f6 21. h4 Kd7 22. g4 Rc8 23. Bf1 Ke7 24. Bb5 Bd7 25. Bxd7 Kxd7 26. Rd2 Rc4 27.
g5 Rxd4 28. Rxd4 Bxd4 29. Rd1 Be5 30. Be3 Ke6 31. b3 d4 32. Bf2 fxg5 33. hxg5
g6 34. Re1 Kf7 35. Kg2 d3 36. Rd1 Rd8 37. Bxa7 Bf4 38. a4 d2 39. Kf2 Re8 40.
Bc5 Re1 41. Rxe1 Bg3+ 0-1

[Event "Quebec op"]
[Site "Laval CAN"]
[Date "2022.09.06"]
[Round "9.13"]
[White "Mok, Yuen Tak"]
[Black "Eltafi, Ali Sina"]
[Result "1-0"]
[WhiteElo "1795"]
[BlackElo "1179"]
[PlyCount "97"]
[EventDate "2022.09.01"]
[EventType "swiss"]
[EventRounds "9"]
[EventCountry "CAN"]

1. c4 e5 2. Nc3 Nf6 3. Nf3 Nc6 4. g3 Bc5 5. Bg2 d6 6. O-O O-O 7. Na4 Bb6 8. d3
Re8 9. e4 Bg4 10. h3 Bh5 11. Nxb6 axb6 12. g4 Bg6 13. Be3 Nd7 14. h4 f6 15. h5
Bf7 16. Qd2 Nf8 17. b4 Ra4 18. b5 Ne7 19. Nh4 Qd7 20. Bf3 Rea8 21. Bd1 R4a7 22.
f4 Ra3 23. Kh2 c5 24. bxc6 Qxc6 25. Bb3 b5 26. Rfc1 bxc4 27. Bxc4 Bxc4 28. Rxc4
Qd7 29. Nf5 Nxf5 30. exf5 d5 31. Rb4 d4 32. Bf2 Qd5 33. Rb2 Qf3 34. fxe5 fxe5
35. Qg5 h6 36. Qh4 Rxd3 37. Rg1 Raa3 38. Rg3 Qe4 39. f6 Kh7 40. fxg7 Ne6 41.
Qe7 Rd1 42. g8=Q+ Kxg8 43. Qxe6+ Kf8 44. Qc8+ Ke7 45. Rxb7+ Kd6 46. Rb6+ Ke7
47. Re6+ Kf7 48. Qe8+ Kg7 49. Qd7+ 1-0

[Event "Quebec op U1200"]
[Site "Laval CAN"]
[Date "2022.09.01"]
[Round "1.84"]
[White "Schatz, Alexander"]
[Black "Arcand, Pierre"]
[Result "1-0"]
[WhiteElo "957"]
[BlackElo "1182"]
[PlyCount "91"]
[EventDate "2022.09.01"]
[EventType "swiss"]
[EventRounds "9"]
[EventCountry "CAN"]

1. e4 e5 2. Nf3 Nc6 3. Bc4 h6 4. h3 Nf6 5. d3 Bb4+ 6. Bd2 Bxd2+ 7. Nbxd2 O-O 8.
O-O d5 9. exd5 Nxd5 10. Bb5 Nd4 11. Ba4 Nxf3+ 12. Qxf3 c6 13. Rfe1 Re8 14. Bb3
f6 15. d4 Kh8 16. c4 Nc7 17. d5 cxd5 18. cxd5 Nb5 19. Ba4 Nd4 20. Qh5 Rf8 21.
Nf3 Qxd5 22. Nxd4 Qxd4 23. Bc2 Be6 24. Qg6 Bg8 25. Rad1 Qf4 26. Rd7 Qg5 27. Qe4
h5 28. Re3 Qh6 29. Rg3 Bh7 30. Qxh7+ Qxh7 31. Bxh7 Kxh7 32. Rgxg7+ Kh6 33. Rxb7
a6 34. Rh7+ Kg5 35. Rbg7+ Kf5 36. Rxh5+ Ke6 37. g4 Rg8 38. Rb7 Kd5 39. Rf5 Rab8
40. Rxb8 Rxb8 41. b3 Rb6 42. h4 Ke4 43. Kg2 Rd6 44. h5 Rd2 45. h6 Rxa2 46. h7
1-0

[Event "Quebec op U1200"]
[Site "Laval CAN"]
[Date "2022.09.01"]
[Round "1.85"]
[White "Nguyen, Danny"]
[Black "Loevenich, Anna"]
[Result "1/2-1/2"]
[WhiteElo "1165"]
[BlackElo "932"]
[PlyCount "114"]
[EventDate "2022.09.01"]
[EventType "swiss"]
[EventRounds "9"]
[EventCountry "CAN"]

1. e4 g6 2. d4 d6 3. Nc3 Bg7 4. Be3 Nc6 5. Qd2 f5 6. f3 e5 7. dxe5 Bxe5 8.
O-O-O Be6 9. f4 Bg7 10. exf5 Bxf5 11. Nf3 Qd7 12. Nd4 Nge7 13. Bb5 a6 14. Ba4
b5 15. Bb3 Na5 16. Nxf5 Nxb3+ 17. axb3 Nxf5 18. Rhe1 O-O 19. Bf2 Rae8 20. g4
Ne7 21. Bd4 Qxg4 22. Bxg7 Kxg7 23. Rg1 Qxf4 24. Qxf4 Rxf4 25. Rde1 Kf7 26. Ne2
Rf2 27. h3 Nf5 28. Nc3 Rxe1+ 29. Rxe1 Rf3 30. Ne4 h6 31. Rh1 Ng3 32. Nxg3 Rxg3
33. Kd2 a5 34. Rf1+ Kg7 35. Re1 Kf7 36. Rf1+ Ke6 37. Re1+ Kd7 38. Rh1 c5 39. h4
Rg4 40. h5 Ke6 41. hxg6 Rxg6 42. Kd3 d5 43. c4 bxc4+ 44. bxc4 a4 45. cxd5+ Kxd5
46. Ra1 Rg3+ 47. Kc2 Rg2+ 48. Kc3 Rg4 49. Rh1 Rg6 50. Ra1 Rg4 51. Rh1 Rg3+ 52.
Kc2 a3 53. bxa3 Rxa3 54. Rxh6 Kc4 55. Rh4+ Kb5 56. Rg4 c4 57. Rg8 Kc5 1/2-1/2

[Event "Quebec op U1200"]
[Site "Laval CAN"]
[Date "2022.09.01"]
[Round "1.86"]
[White "Chen, Baige"]
[Black "Claveau, Jean-Michel"]
[Result "1-0"]
[WhiteElo "917"]
[BlackElo "1152"]
[PlyCount "93"]
[EventDate "2022.09.01"]
[EventType "swiss"]
[EventRounds "9"]
[EventCountry "CAN"]

1. e4 d5 2. exd5 Qxd5 3. Nc3 Qa5 4. d4 Nf6 5. Be2 Bf5 6. Nf3 Nbd7 7. Bd2 c6 8.
Bc4 e6 9. O-O Qc7 10. h3 Bd6 11. Qe2 O-O 12. Rfe1 Bxc2 13. Rac1 Bg6 14. Ne5 b5
15. Bb3 b4 16. Na4 Ne4 17. Nxc6 Bh2+ 18. Kf1 Qd6 19. Bxb4 Qf4 20. Qf3 Nd2+ 21.
Bxd2 Qxd2 22. Ne7+ Kh8 23. Nxg6+ hxg6 24. g3 Qxd4 25. Rcd1 Ne5 26. Qxa8 Rxa8
27. Rxd4 Nf3 28. Red1 Nxd4 29. Rxd4 e5 30. Rd7 f5 31. Kg2 Bxg3 32. fxg3 a5 33.
Bf7 Kh7 34. Rd6 g5 35. Bg6+ Kh8 36. Bxf5 Re8 37. Re6 Rxe6 38. Bxe6 g6 39. Kf3
Kg7 40. Nc5 Kf6 41. a3 Ke7 42. b4 Kd6 43. Ke4 a4 44. Nxa4 Kxe6 45. b5 Kd6 46.
b6 Kc6 47. Kxe5 1-0

[Event "Quebec op U1200"]
[Site "Laval CAN"]
[Date "2022.09.01"]
[Round "1.87"]
[White "Kapsales, Christian"]
[Black "Saillant, Christopher"]
[Result "0-1"]
[WhiteElo "873"]
[BlackElo "1150"]
[PlyCount "50"]
[EventDate "2022.09.01"]
[EventType "swiss"]
[EventRounds "9"]
[EventCountry "CAN"]

1. e4 e5 2. Nf3 Nc6 3. Bb5 a6 4. Ba4 Nf6 5. O-O Bc5 6. c3 O-O 7. Bxc6 dxc6 8.
d4 exd4 9. cxd4 Bb6 10. e5 Nd5 11. Nc3 Bg4 12. Nxd5 Qxd5 13. Be3 Rad8 14. Qb3
Bxf3 15. gxf3 Qxf3 16. Rad1 Rfe8 17. Rfe1 Re6 18. d5 Rg6+ 19. Kf1 Bxe3 20. Rxe3
Qg2+ 21. Ke2 Qg4+ 22. Rf3 cxd5 23. Rxd5 Qe4+ 24. Re3 Qxd5 25. Qc3 Qd1# 0-1

[Event "Quebec op U1200"]
[Site "Laval CAN"]
[Date "2022.09.01"]
[Round "1.98"]
[White "Guo, Laura"]
[Black "Pepin, Pierre-Luc"]
[Result "1-0"]
[WhiteElo "704"]
[BlackElo "1054"]
[PlyCount "123"]
[EventDate "2022.09.01"]
[EventType "swiss"]
[EventRounds "9"]
[EventCountry "CAN"]

1. d4 d5 2. c4 e6 3. e3 Nf6 4. Nf3 Nc6 5. Nc3 b6 6. Be2 a6 7. O-O Be7 8. Qc2 h6
9. a3 O-O 10. e4 dxe4 11. Nxe4 Nxd4 12. Nxd4 Qxd4 13. Nxf6+ Bxf6 14. Rd1 Qc5
15. Be3 Qe7 16. Bf3 Rb8 17. Rac1 Rd8 18. h3 Rxd1+ 19. Rxd1 a5 20. Bc1 Bd7 21.
Bf4 Be8 22. Be3 Rd8 23. c5 Rxd1+ 24. Bxd1 b5 25. Bf3 a4 26. c6 Qd6 27. b4 axb3
28. Qxb3 Bxc6 29. Bxc6 Qxc6 30. Qd1 Qc3 31. Bc1 Be7 32. Bf4 Bxa3 33. Qd8+ Kh7
34. Bxc7 Qe1+ 35. Kh2 Qxf2 36. Qd3+ f5 37. Qxa3 Qc2 38. Qe7 Qe4 39. Bd6 f4 40.
Qf8 Qf5 41. Qxf5+ exf5 42. Bxf4 Kg6 43. Bd2 Kf7 44. Kg3 h5 45. Kf4 Ke6 46. Kg5
Kf7 47. Kxf5 g6+ 48. Kg5 Kg7 49. Bc3+ Kh7 50. Kf6 Kh6 51. Bd2+ Kh7 52. g3 g5
53. Kxg5 Kg7 54. Kxh5 Kf6 55. g4 Kg7 56. Bc3+ Kf7 57. Kh6 Kg8 58. g5 Kf8 59.
Kh7 Kf7 60. g6+ Kf8 61. g7+ Kf7 62. g8=Q+ 1-0

[Event "Quebec op U1200"]
[Site "Laval CAN"]
[Date "2022.09.02"]
[Round "2.87"]
[White "Arcand, Pierre"]
[Black "Nguyen, Danny"]
[Result "0-1"]
[WhiteElo "1182"]
[BlackElo "1165"]
[PlyCount "124"]
[EventDate "2022.09.01"]
[EventType "swiss"]
[EventRounds "9"]
[EventCountry "CAN"]

1. e4 c6 2. Nf3 d5 3. exd5 cxd5 4. Bb5+ Bd7 5. Bxd7+ Nxd7 6. d4 Ngf6 7. Nc3 e6
8. O-O Be7 9. h3 O-O 10. Bg5 a6 11. Re1 Rc8 12. a3 h6 13. Bf4 b5 14. Ne5 Nxe5
15. Bxe5 Bd6 16. Bxd6 Qxd6 17. Re3 Rc7 18. Ne2 Rfc8 19. c3 a5 20. Rc1 Ne4 21.
Ng3 Nxg3 22. Rxg3 Qf4 23. Rf3 Qh4 24. Qd2 b4 25. axb4 axb4 26. Rg3 bxc3 27.
bxc3 Rc4 28. Rg4 Qf6 29. Rf4 Qg5 30. Qe3 e5 31. Rf3 Qxe3 32. fxe3 e4 33. Rf5
Rd8 34. Kf2 g6 35. Re5 f6 36. Re6 Kf7 37. Ra6 Rdc8 38. Ra7+ Kg8 39. Ra3 Kf7 40.
Ke2 f5 41. Kd2 Kf6 42. h4 g5 43. Ra6+ Kg7 44. Ra7+ Kf6 45. Ra6+ R8c6 46. Rxc6+
Rxc6 47. hxg5+ hxg5 48. Ke2 f4 49. Rc2 Kf5 50. exf4 gxf4 51. Kf2 Kg4 52. Kg1
Kg3 53. Rc1 e3 54. Rc2 Ra6 55. Rc1 Ra2 56. Kf1 Rxg2 57. c4 e2+ 58. Ke1 Rg1+ 59.
Kxe2 Rxc1 60. cxd5 f3+ 61. Kd2 Rc8 62. d6 Kg2 0-1

[Event "Quebec op U1200"]
[Site "Laval CAN"]
[Date "2022.09.02"]
[Round "2.88"]
[White "Loevenich, Anna"]
[Black "Claveau, Jean-Michel"]
[Result "0-1"]
[WhiteElo "932"]
[BlackElo "1152"]
[PlyCount "110"]
[EventDate "2022.09.01"]
[EventType "swiss"]
[EventRounds "9"]
[EventCountry "CAN"]

1. g3 e5 2. Bg2 Nf6 3. d3 Be7 4. Nd2 d5 5. e4 d4 6. Ngf3 Bg4 7. O-O c5 8. Nc4
Nc6 9. Qe1 Bxf3 10. Bxf3 b5 11. Nd2 O-O 12. Be2 a5 13. f4 a4 14. fxe5 Nxe5 15.
Nf3 Nfd7 16. c3 Nc6 17. Bd2 Bf6 18. Qc1 h6 19. b3 Nb6 20. b4 cxb4 21. cxb4 Qd6
22. a3 Rfc8 23. Qc5 Qxc5 24. bxc5 Nd7 25. Rfc1 Rab8 26. Rab1 Be7 27. Bf4 Rb7
28. Bd6 Bxd6 29. cxd6 Kf8 30. Nxd4 Rb6 31. Bg4 Ke8 32. Nxb5 Rcb8 33. Nc7+ Kd8
34. Rxb6 Rxb6 35. Nd5 Ra6 36. Kf2 Nce5 37. Ke2 Nxg4 38. h3 Nge5 39. d4 Ng6 40.
Nc7 Rxd6 41. Rc4 Nb6 42. e5 Nxc4 43. exd6 Nxa3 44. Kd3 Kd7 45. Kc3 Kxd6 46. Na6
Nb5+ 47. Kc4 Nc7 48. Nc5 a3 49. Nb3 Ne7 50. g4 g5 51. Nc1 Ncd5 52. Kb3 Nc6 53.
Kc2 Nf4 54. Nb3 Nxh3 55. Kc3 Nf2 0-1

[Event "Quebec op U1200"]
[Site "Laval CAN"]
[Date "2022.09.02"]
[Round "2.89"]
[White "Zapata, Edgar"]
[Black "Moses, Niam"]
[Result "1-0"]
[WhiteElo "1125"]
[BlackElo "1036"]
[PlyCount "63"]
[EventDate "2022.09.01"]
[EventType "swiss"]
[EventRounds "9"]
[EventCountry "CAN"]

1. e4 e5 2. Nf3 Nc6 3. Nc3 Nf6 4. d3 h6 5. h3 Bc5 6. Be3 Bb6 7. Be2 O-O 8. g4
d6 9. g5 hxg5 10. Bxg5 Ba5 11. a3 Bxc3+ 12. bxc3 Be6 13. h4 d5 14. Nd2 Re8 15.
h5 dxe4 16. Nxe4 Bd5 17. Bxf6 gxf6 18. Rg1+ Kh8 19. Qc1 Bxe4 20. dxe4 Kh7 21.
Qe3 Rg8 22. Rg3 Rxg3 23. fxg3 Qg8 24. O-O-O Qg5 25. Qxg5 fxg5 26. g4 Rd8 27.
Bb5 Rxd1+ 28. Kxd1 Kg7 29. Bxc6 bxc6 30. Kd2 a6 31. Kd3 a5 32. Kc4 1-0

[Event "Quebec op U1200"]
[Site "Laval CAN"]
[Date "2022.09.02"]
[Round "2.90"]
[White "Pepin, Pierre-Luc"]
[Black "Hou, Qian Qian"]
[Result "0-1"]
[WhiteElo "1054"]
[BlackElo "1124"]
[PlyCount "138"]
[EventDate "2022.09.01"]
[EventType "swiss"]
[EventRounds "9"]
[EventCountry "CAN"]

1. e4 c5 2. Nf3 d6 3. Bb5+ Bd7 4. Bxd7+ Nxd7 5. Nc3 g6 6. d3 Bg7 7. Ne2 Ngf6 8.
h3 b5 9. a4 a6 10. axb5 axb5 11. Rxa8 Qxa8 12. Bg5 O-O 13. Bxf6 Bxf6 14. b3
Qa5+ 15. Qd2 Qa1+ 16. Qc1 Ra8 17. O-O Qxc1 18. Rxc1 Bg7 19. d4 Bh6 20. Re1 Ra2
21. dxc5 Nxc5 22. Ned4 b4 23. Re2 Ra6 24. e5 Ra1+ 25. Kh2 Bg7 26. Nc6 Kf8 27.
exd6 exd6 28. Nxb4 f5 29. Ng5 Be5+ 30. g3 h6 31. Nf3 Nd7 32. Nc6 Rc1 33. Nfxe5
Nxe5 34. Nxe5 dxe5 35. Kg2 e4 36. f3 exf3+ 37. Kxf3 Kf7 38. Rh2 Kf6 39. Ke3 g5
40. h4 Ke5 41. hxg5 hxg5 42. Rg2 f4+ 43. gxf4+ gxf4+ 44. Kd3 Rd1+ 45. Ke2 Rc1
46. Rg5+ Ke4 47. Rc5 Rh1 48. Rc3 Rh2+ 49. Kf1 f3 50. b4 Kf4 51. b5 Kg3 52. Kg1
Rd2 53. Rd3 Rxc2 54. Rd1 Rb2 55. Rc1 Rxb5 56. Rd1 Rb2 57. Rc1 Rg2+ 58. Kf1 Rh2
59. Kg1 f2+ 60. Kf1 Rh1+ 61. Ke2 Rxc1 62. Kd2 f1=Q 63. Ke3 Qe1+ 64. Kd3 Rd1+
65. Kc2 Qd2+ 66. Kb3 Qd3+ 67. Kb4 Rc1 68. Ka5 Rb1 69. Ka4 Qa6# 0-1

[Event "Quebec op U1200"]
[Site "Laval CAN"]
[Date "2022.09.02"]
[Round "3.88"]
[White "Guo, Laura"]
[Black "Nguyen, Danny"]
[Result "0-1"]
[WhiteElo "704"]
[BlackElo "1165"]
[PlyCount "104"]
[EventDate "2022.09.01"]
[EventType "swiss"]
[EventRounds "9"]
[EventCountry "CAN"]

1. d4 d5 2. c4 c6 3. e3 Nf6 4. Nf3 a6 5. Qc2 g6 6. Nc3 Bg7 7. Be2 O-O 8. O-O
Bf5 9. Qb3 Ra7 10. Rd1 e6 11. Bd2 Nbd7 12. Rac1 Re8 13. h3 Ne4 14. Nxe4 Bxe4
15. Bc3 dxc4 16. Bxc4 Bxf3 17. gxf3 Nb6 18. Ba5 Qg5+ 19. Kh1 Qxa5 20. Bf1 Nd5
21. Ra1 Qb4 22. Qxb4 Nxb4 23. a3 Nd5 24. Rac1 e5 25. b4 exd4 26. exd4 Raa8 27.
Rc2 Rad8 28. Bc4 Nf4 29. Kh2 Rxd4 30. Rg1 Red8 31. Rcc1 Rd2 32. Rgf1 Bb2 33.
Rce1 Kf8 34. Re4 R2d4 35. Kg3 Rxe4 36. fxe4 Ne6 37. f3 Bxa3 38. Rb1 Rd4 39. Bf1
Rxb4 40. Ra1 Rb3 41. Bc4 Rc3 42. Bf1 Be7 43. Rb1 b5 44. Rd1 Ke8 45. Bd3 a5 46.
Be2 a4 47. Ra1 Bf6 48. Rb1 a3 49. Bxb5 cxb5 50. Rxb5 a2 51. Rb8+ Nd8 52. Kg4
a1=Q 0-1

[Event "Quebec op U1200"]
[Site "Laval CAN"]
[Date "2022.09.02"]
[Round "3.92"]
[White "Claveau, Jean-Michel"]
[Black "Geillon, Christiane Nathalie"]
[Result "1-0"]
[WhiteElo "1152"]
[BlackElo "687"]
[PlyCount "71"]
[EventDate "2022.09.01"]
[EventType "swiss"]
[EventRounds "9"]
[EventCountry "CAN"]

1. d4 d5 2. Bf4 Nc6 3. Nf3 Nf6 4. e3 Bf5 5. Nbd2 e6 6. c3 Rg8 7. Ne5 Bd6 8. Bg3
Na5 9. Qa4+ b5 10. Bxb5+ Ke7 11. Qxa5 h5 12. Nc6+ Kf8 13. Nxd8 Be7 14. Bxc7 Bg4
15. Bc6 Rc8 16. Qxa7 g5 17. Qb7 Rxc7 18. Qxc7 Bxd8 19. Qxd8+ Kg7 20. Qb6 h4 21.
h3 Bf5 22. a4 Bd3 23. a5 Ne4 24. Nxe4 Bxe4 25. O-O f6 26. a6 Bd3 27. Rfd1 Be4
28. a7 Rf8 29. a8=Q Rf7 30. Ra7 Bg6 31. Be8 Bh5 32. Rxf7+ Kg6 33. Rf8+ Kf5 34.
Bxh5 e5 35. Bg4+ Kg6 36. Qxf6+ 1-0

[Event "Quebec op U1200"]
[Site "Laval CAN"]
[Date "2022.09.02"]
[Round "3.98"]
[White "Kapsales, Christian"]
[Black "Loevenich, Anna"]
[Result "1/2-1/2"]
[WhiteElo "957"]
[BlackElo "932"]
[PlyCount "86"]
[EventDate "2022.09.01"]
[EventType "swiss"]
[EventRounds "9"]
[EventCountry "CAN"]

1. e4 g6 2. d4 d6 3. c4 Bg7 4. Nc3 b6 5. Nf3 Na6 6. Be2 h6 7. O-O e6 8. c5 Nb8
9. cxd6 Qxd6 10. e5 Qd7 11. Bb5 c6 12. Ba4 Ne7 13. Ne4 Nf5 14. Nf6+ Bxf6 15.
exf6 Bb7 16. Re1 Qc7 17. d5 Nd7 18. dxe6 Nxf6 19. exf7+ Kxf7 20. Bb3+ Kg7 21.
Nd4 Nxd4 22. Qxd4 Rad8 23. Qf4 Qxf4 24. Bxf4 Rhe8 25. Rxe8 Rxe8 26. Kf1 Ba6+
27. Kg1 Bd3 28. Be3 Be4 29. h3 Rd8 30. Rd1 Rxd1+ 31. Bxd1 Nd5 32. Bd4+ Kf7 33.
Kf1 c5 34. Be3 Nxe3+ 35. fxe3 Kf6 36. Kf2 Kf5 37. g4+ Ke5 38. Bf3 c4 39. Bxe4
Kxe4 40. Ke2 b5 41. Kd2 b4 42. Ke2 a6 43. h4 g5 1/2-1/2

[Event "Quebec op U1200"]
[Site "Laval CAN"]
[Date "2022.09.02"]
[Round "3.99"]
[White "Moses, Niam"]
[Black "Arcand, Pierre"]
[Result "0-1"]
[WhiteElo "1036"]
[BlackElo "1182"]
[PlyCount "48"]
[EventDate "2022.09.01"]
[EventType "swiss"]
[EventRounds "9"]
[EventCountry "CAN"]

1. e4 e5 2. Nf3 Nc6 3. Bc4 h6 4. c3 Nf6 5. d3 d6 6. Qb3 Qd7 7. O-O Na5 8. Qb4
Nxc4 9. dxc4 Be7 10. Rd1 Qg4 11. Re1 Nxe4 12. c5 Nxc5 13. Qxg4 Bxg4 14. Be3
Bxf3 15. Bxc5 Bc6 16. Ba3 O-O 17. Nd2 Bg5 18. Nc4 Rfe8 19. g3 Bd7 20. h4 Bf6
21. Red1 Be6 22. b3 Bxc4 23. bxc4 e4 24. Rab1 b6 0-1